PRACTICAL PHARMACEUTICAL CHEMISTRY (Record no. 9622)
[ view plain ]
| 000 -LEADER | |
|---|---|
| fixed length control field | 00325nam a22001457a 4500 |
| 003 - CONTROL NUMBER IDENTIFIER | |
| control field | SGT |
| 082 ## - DEWEY DECIMAL CLASSIFICATION NUMBER | |
| Classification number | 615.7 |
| 100 ## - MAIN ENTRY--PERSONAL NAME | |
| Personal name | SINGH, HARKISHAN & KAPOOR, V.K |
| 245 ## - TITLE STATEMENT | |
| Title | PRACTICAL PHARMACEUTICAL CHEMISTRY |
| 250 ## - EDITION STATEMENT | |
| Edition statement | 1ST |
| 260 ## - PUBLICATION, DISTRIBUTION, ETC. (IMPRINT) | |
| Place of publication, distribution, etc | NEW DELHI |
| Name of publisher, distributor, etc | VALLABH .PUB |
| Year of Publication | 2014 |
| 300 ## - PAGE DESCRIPTION | |
| No. of Pages | 208 |
| 650 ## - SUBJECT ADDED ENTRY--TOPICAL TERM | |
| Topical term or geographic name as entry element | CHEMISTRY |
| 942 ## - ADDED ENTRY ELEMENTS (KOHA) | |
| Source of classification or shelving scheme | Dewey Decimal Classification |
| Koha item type | Books |
| Withdrawn status | Lost status | Source of classification or shelving scheme | Damaged status | Not for loan | Collection code | Home library | Current library | Shelving location | Date acquired | Vendor Name | Cost, normal purchase price | SGTU | Bill Number | Total Checkouts | Full call number | Accession No. (Barcode) | Date last seen | Date last borrowed | Bill Date | Koha item type |
|---|---|---|---|---|---|---|---|---|---|---|---|---|---|---|---|---|---|---|---|---|
| Dewey Decimal Classification | PHARMACY | SGT FA-FP Library | SGT FA-FP Library | Text Book | 23/07/2016 | UNIVERSAL BOOK | 140.00 | SGTU | 156 | 4 | 615.7 | FP1946 | 08/11/2017 | 31/10/2017 | 15/07/2016 | Books | ||||
| Dewey Decimal Classification | PHARMACY | SGT FA-FP Library | SGT FA-FP Library | Text Book | 23/07/2016 | UNIVERSAL BOOK | 140.00 | SGTU | 156 | 3 | 615.7 | FP1947 | 10/06/2017 | 07/06/2017 | 15/07/2016 | Books | ||||
| Dewey Decimal Classification | PHARMACY | SGT FA-FP Library | SGT FA-FP Library | Text Book | 23/07/2016 | UNIVERSAL BOOK | 140.00 | SGTU | 156 | 5 | 615.7 | FP1948 | 04/10/2023 | 05/05/2017 | 15/07/2016 | Books | ||||
| Dewey Decimal Classification | PHARMACY | SGT FA-FP Library | SGT FA-FP Library | Text Book | 23/07/2016 | UNIVERSAL BOOK | 140.00 | SGTU | 156 | 2 | 615.7 | FP1949 | 29/04/2017 | 24/03/2017 | 15/07/2016 | Books | ||||
| Dewey Decimal Classification | PHARMACY | SGT FA-FP Library | SGT FA-FP Library | Reference Book | 23/07/2016 | UNIVERSAL BOOK | 140.00 | SGTU | 156 | 615.7 | FP1950 | 23/07/2016 | 15/07/2016 | Books |